000 01081nam a22003377a 4500
001 00260
003 DO-SdBPM
005 20250604121853.0
008 151130b2004 sp || 00| 0 spa d
020 _a8496246159
040 _aDO-SdBPM
_bspa
_cBPMSU
082 4 _a813.5
_bP996a 2004
_222
100 1 _aPyle, Howard,
_d1853-1911.
245 1 4 _aLas alegres aventuras de Robin Hood /
_c Howard Pyle ; traducción y notas Juan Manuel Ibeas
260 _aMadrid :
_bEl País,
_c2004.
300 _a365 p. ;
_c23 cm.
490 0 _aAventuras,
_v8
534 _pTítulo original :
_tThe merry adventures of Robin Hood.
590 _aInventariado, 2025/VM
650 4 _aCuentos juveniles estadounidenses.
650 4 _aNovela de aventuras.
650 4 _aPobreza
_vCuentos juveniles.
650 4 _aBandoleros
_vCuentos juveniles.
650 4 _aRiqueza
_vCuentos juveniles.
700 1 _aAIbeas, Juan Manuel,
_etraductor
830 0 _aPaís, aventuras
_n; 8
910 _a00260
942 _2ddc
_cBK
945 _ainventariado extranjero / DG
956 _aLorenza Pérez
_b10
999 _c8954
_d8954